Notice of routine audit.

Bibliographic Details
Corporate Author: Texas. Comptroller's Office
Format: Government Document Book
Language:English
Published: Austin, Tex. : Texas Comptroller of Public Accounts, 1988.
Edition:Rev. July 1988.
Series:Comptroller of Public Accounts publication ; #96-146
Subjects:

MARC

Tag First Indicator Second Indicator Subfields
LEADER 00000cam a2200000 a 4500
001 in00001069490
005 20150929095733.0
008 881102s1988 txu s00010 eng d
035 |a (OCoLC)18700900 
035 |9 AFN6338AM 
040 |a IKM  |c IKM  |d UtOrBLW 
049 |a IKMD 
086 |a C2600.8 N845roa 88/7  |2 txdocs 
099 9 |a C2600.8  |a N845roa  |a 88/7 
110 1 |a Texas.  |b Comptroller's Office. 
245 1 0 |a Notice of routine audit. 
250 |a Rev. July 1988. 
264 1 |a Austin, Tex. :  |b Texas Comptroller of Public Accounts,  |c 1988. 
300 |a 1 folded sheet (6 pages) ;  |c 22 x 10 cm. 
336 |a text  |b txt  |2 rdacontent 
337 |a unmediated  |b n  |2 rdamedia 
338 |a sheet  |b nb  |2 rdacarrier 
490 0 |a Comptroller of Public Accounts publication ;  |v #96-146 
500 |a Cover title. 
610 1 0 |a Texas.  |b Comptroller's Office  |x Management. 
650 0 |a Tax auditing  |z Texas. 
650 0 |a Tax collection  |z Texas. 
999 |a MARS 
999 f f |s 17482f9a-4175-3028-8636-2fb4833621ae  |i 6e52ca7a-1a8b-3b66-8fa4-ca4cf52dee22  |t 0 
952 f f |p normal  |a Texas A&M University  |b College Station  |c Sterling C. Evans Library  |d Evans: Texas Documents (Annex 5th floor)  |t 0  |e C2600.8 N845roa 88/7  |h Superintendent of Documents classification  |i unmediated -- sheet  |l 2007:Apr.  |m A14836120013 
952 f f |p normal  |a Texas A&M University  |b College Station  |c Sterling C. Evans Library  |d Evans: Texas Documents (Annex 5th floor)  |t 0  |e C2600.8 N845roa 88/7  |h Superintendent of Documents classification  |i unmediated -- sheet  |m A14815845763 
998 f f |a C2600.8 N845roa 88/7  |s 2007:Apr.  |t 0  |l Evans: Texas Documents (Annex 5th floor)